| 000 | 01596cam a2200337 i 4500 | ||
|---|---|---|---|
| 003 | SA-RiAUC | ||
| 005 | 20250929130621.0 | ||
| 008 | 250925s2009 le g b i001 0 ara c | ||
| 020 | _a9789953822853 | ||
| 040 |
_aSA-JeALM _bara _cSA-RiAUC. _erda |
||
| 043 | _af-mr--- | ||
| 050 | 4 | _bA28 2009 | |
| 082 | 0 | 4 |
_a217.0964 _qSA-RiAUC |
| 090 |
_a217.0964 _b ا ب و ل |
||
| 100 | 1 |
_aأبو اللوز، عبد الحكيم، _d1972- _eمؤلف. |
|
| 245 | 1 | 2 |
_aالحركات السلفية في المغرب (1971-2004) : _bبحث أنثروبولوجي سوسيولوجي / _cعبد الحكيم أبو اللوز. |
| 250 | _aالطبعة الأولى. | ||
| 264 | 1 |
_aبيروت : _bمركز دراسات الوحدة العربية، _c2009 |
|
| 300 |
_a463 صفحة ؛ _bإيضاحات ؛ _c24 سم. |
||
| 336 |
_aنص _btxt _2rdacontent _3كتاب |
||
| 337 |
_aبدون وسيط _bn _2rdamedia |
||
| 490 | 1 |
_aأطروحات الدكتوراه / مركز دراسات الوحدة العربية (بيروت) ؛ _v79 |
|
| 500 | _aاهداء من المؤلف عبدالحكيم ابو اللوز الى الشيخ رحمه الله | ||
| 504 | _aببليوجرافية : صفحة 431-449. | ||
| 650 | 7 |
_aالأصولية الإسلامية _zالمغرب _2aucsh |
|
| 650 | 7 |
_aعلم الاجتماع السياسي _zالمغرب _2aucsh |
|
| 650 | 7 |
_aالسلفية _zالمغرب _2aucsh |
|
| 830 | 0 |
_aسلسلة أطروحات الدكتوراه (مركز دراسات الوحدة العربية) _v79 |
|
| 942 |
_2ddc _cBOOK _n0 |
||
| 949 |
_aSA-JeALM _d250925 _uosman123 _n1 |
||
| 999 |
_c12216 _d12216 |
||